Statistics for International Organisations

Click here to take the quiz!

General Stats

  • This quiz has been taken 55 times
  • The average score is 7 of 13

Answer Stats

TaskAnswer% Correct
World peace, international safety & international relationsUnited Nations
98%
Organising international soccer gamesFIFA
88%
Collaboration in political, economic & military issuesNATO
81%
Regulation of petroleum outputOPEC
71%
Collaboration of African states & coping with warAfrican Union
64%
Education, science, cultureUNESCO
62%
Organisation of international trade & rules for free tradeWorld Trade Organisation
60%
Arab relations, inter-arabic peace & recognising the PalestineArab League
52%
Freeing of suppressed people(s) & defending human rightsAmnesty International
38%
Furtherance for peaceful use of nuclear energyIAEA
24%
Social issues of Europe & awareness of cultureCouncil of Europe
17%
Islamic solidarity, collaboration in economic & cultural issuesOIC
17%
Economy, currency, unemployment & migrationG7
10%

Score Distribution

Percentile by Number Answered

Percent of People with Each Score

Your Score History

You have not taken this quiz